Ancient and Medieval Burial Sites - Map Quiz - Statistics

General Stats
  • This quiz has been taken 23 times
  • The average score is 9 of 36
Answers on the Map
Answers color-coded by a green-red scale on the quiz's map according to % correct below.
 
Answer Stats
Answer % Correct
Tomb of Cyrus
62%
Pyramids of Meroë
57%
Valley of the Kings
57%
Royal Mausoleum of Mauretania
52%
Treasury of Atreus (Tomb of Agamemnon)
52%
Håga Mound (King Björn's Mound)
48%
Magdalenenberg
48%
Sutton Hoo
48%
Mausoleum at Halicarnassus
43%
Necropolis of Cyrene
38%
Tombs of Via Latina
38%
Grave Creek Mound
33%
Hegra (Al-Hijr/Mada’in Salih)
33%
Tomb of Fu Hao
33%
El Opeño
29%
Chauchilla Cemetery
24%
Cairn of Barnenez
19%
Huaca de la Luna
19%
Kay-Nah-Chi-Wah-Nung (Manitou Mounds)
19%
Gur-e-Amir
14%
Mozu Tombs
14%
Naveta d'Es Tudons
14%
Tomb of Askia
14%
Arshakid Mausoleum
10%
Astana Cemetery
10%
Durbi Takusheyi
10%
Krakus Mound
10%
Pazyryk Burials
10%
Pinson Mounds
10%
Tomb of Seuthes III
10%
Shum Gora
5%
Teouma
5%
Tomb of the Red Queen
5%
Eklakhi Mausoleum
0%
Limestone Tombs of Kamhantik
0%
Lothagam North Pillar Site
0%
No matching quizzes found
Score Distribution
Percent of People with Each Score
Percentile by Number Answered
Your Score History
You have not taken this quiz